Sports Quiz

Random Sports or Baseball Quiz

Milwaukee Brewers All-Time Home Run Leaders Quiz Stats

 Plays Quiz not verified by Sporcle

Support Sporcle.
Go Orange.
Score 0/16 Timer 03:00
0 Plays Today
# of Home Runs Player % Correct
251Robin Yount
96.4%
192Prince Fielder
95.8%
128Ryan Braun
92.2%
160Paul Molitor
87.5%
208Gorman Thomas
82.8%
201Cecil Cooper
81.8%
212Geoff Jenkins
70.3%
133Richie Sexson
65.6%
# of Home Runs Player % Correct
176Ben Oglivie
65.4%
165Jeromy Burnitz
61.7%
169Greg Vaughn
53.6%
137Rob Deer
50%
134Don Money
45.8%
105John Jaha
41.1%
115George Scott
40.4%
105Dave Nilsson
23.7%

You're not logged in!

Compare scores with friends on all Sporcle quizzes.
OR
Log In

From the Vault

Know It: Literature II

by BanjoZebra

You also have to know it, too.
Remove Ads.
Support Sporcle.
Get the best of Sporcle when you Go Orange. This ad-free experience offers more features, more stats, and more fun while also helping to support Sporcle. Thank you for becoming a member.

Show Comments

Extras

Top Quizzes Today


Score Distribution

Your Account Isn't Verified!

In order to create a playlist on Sporcle, you need to verify the email address you used during registration. Go to your Sporcle Settings to finish the process.

Report this User

Report this user for behavior that violates our Community Guidelines.

Details: